EL HORROR ECONOMICO (Registro nro. 51887)
[ vista simple ]
| 000 -LEADER | |
|---|---|
| fixed length control field | 00829nam a2200229 a 4500 |
| 001 - CONTROL NUMBER | |
| control field | 51887 |
| 005 - DATE AND TIME OF LATEST TRANSACTION | |
| control field | 20180714041521.0 |
| 008 - FIXED-LENGTH DATA ELEMENTS--GENERAL INFORMATION | |
| fixed length control field | 140415s1997 ag 000 0 spa d |
| 020 ## - INTERNATIONAL STANDARD BOOK NUMBER | |
| International Standard Book Number | 9505572271 |
| 041 ## - LANGUAGE CODE | |
| Language code of text/sound track or separate title | spa |
| 082 ## - DEWEY DECIMAL CLASSIFICATION NUMBER | |
| Classification number | 330.122 |
| Item number | FOR |
| 100 1# - MAIN ENTRY--PERSONAL NAME | |
| Personal name | FORRESTER, VIVIANE |
| 245 13 - TITLE STATEMENT | |
| Title | EL HORROR ECONOMICO |
| 250 ## - EDITION STATEMENT | |
| Edition statement | 1a ed. |
| 260 ## - PUBLICATION, DISTRIBUTION, ETC. | |
| Place of publication, distribution, etc. | ARGENTINA : |
| Name of publisher, distributor, etc. | FONDO DE CULTURA ECONOMICA, |
| Date of publication, distribution, etc. | 1997 |
| 300 ## - PHYSICAL DESCRIPTION | |
| Extent | 131 |
| Dimensions | 13 x 1.3 x 19.7 |
| 490 ## - SERIES STATEMENT | |
| Series statement | CONFABULADORES |
| 520 ## - SUMMARY, ETC. | |
| Summary, etc. | EL LIBRO DE FORRESTER TIENE LA VIRTUD DE INSTALAR EL DEBATE EN UN TERRENO QUE NO ES NI EL ECONOMICO NI EL POLITICO SINO EN EL ESPACIO PUBLICO. |
| 650 14 - SUBJECT ADDED ENTRY--TOPICAL TERM | |
| Topical term or geographic name entry element | CAPITALISMO |
| General subdivision | IGUALDAD |
| -- | POLITICA ECONOMICA |
| -- | POLITICA SOCIAL |
| -- | PROBLEMAS SOCIALES |
| -- | MARGINALIDAD SOCIAL |
| 700 1# - ADDED ENTRY--PERSONAL NAME | |
| Personal name | ZADUNAISKY, DANIEL |
| Relator term | tr. |
| 740 ## - ADDED ENTRY--UNCONTROLLED RELATED/ANALYTICAL TITLE | |
| Uncontrolled related/analytical title | LHORREUR ECONOMIQUE |
| Withdrawn status | Lost status | Source of classification or shelving scheme | Damaged status | Not for loan | Collection code | Home library | Current library | Shelving location | Date acquired | Source of acquisition | Inventory number | Total Checkouts | Full call number | Barcode | Date last seen | Price effective from | Koha item type |
|---|---|---|---|---|---|---|---|---|---|---|---|---|---|---|---|---|---|
| Dewey Decimal Classification | General | Biblioteca Karol Wojtyla | Biblioteca Karol Wojtyla | Sala general | 03/12/2013 | Compra | 151000000000000000049752 | 330.122 FOR | 77229 | 05/01/2026 | 03/12/2013 | Libro |